[Event "Chigorin Memorial 30th"]
[Site "St Petersburg"]
[Date "2023.10.22"]
[Round "2"]
[White "Melnikov, Dmitry"]
[Black "Melnikov, Fedor"]
[Result "1-0"]
[WhiteElo "2243"]
[BlackElo "1969"]
[PlyCount "75"]
[EventDate "2023.10.21"]
[EventType "swiss"]
[EventRounds "9"]
[EventCountry "RUS"]
[SourceTitle "Mega2024 Update 01"]
[Source "Chessbase"]
[SourceDate "2023.11.12"]
[SourceVersion "1"]
[SourceVersionDate "2023.11.12"]
[SourceQuality "1"]

1. e4 c5 2. Nf3 Nc6 3. d4 cxd4 4. Nxd4 Nf6 5. Nc3 e5 6. Ndb5 d6 7. Bg5 a6 8. Na3 b5 9. Bxf6 gxf6 10. Nd5 f5 11. c3 Bg7 12. exf5 Bxf5 13. Nc2 0-0 14. Nce3 Be6 15. a4 b4 16. Bc4 bxc3 17. bxc3 e4 18. 0-0 Ne5 19. Be2 Ng6 20. f3 exf3 21. Bxf3 Qg5 22. Rb1 Rac8 23. Qd3 Ne5 24. Qe4 Rc5 25. Rbd1 Re8 26. h4 Qg6 27. Qf4 Bh6 28. Qd4 Nc6 29. Nf6+ Kh8 30. Bxc6 Rc8 31. Bb7 Rxc3 32. Ned5 R8c4 33. Qb6 Kg7 34. Qd8 Be3+ 35. Nxe3 Rxe3 36. Qg8+ Kh6 37. Qf8+ Qg7 38. Ng8+ 1-0

[Event "St Petersburg Rapid 2023"]
[Site "St Petersburg"]
[Date "2023.08.27"]
[Round "7"]
[White "Drygalov, Sergey"]
[Black "Melnikov, Fedor"]
[Result "1-0"]
[WhiteElo "2547"]
[BlackElo "1961"]
[PlyCount "101"]
[EventDate "2023.08.26"]
[EventType "swiss (rapid)"]
[EventRounds "11"]
[EventCountry "RUS"]
[SourceTitle "EXT 2024"]
[Source "ChessBase"]
[SourceDate "2023.10.10"]
[SourceVersion "1"]
[SourceVersionDate "2023.10.10"]
[SourceQuality "1"]

1. d4 Nf6 2. c4 e6 3. Nc3 Bb4 4. Qc2 d5 5. cxd5 exd5 6. Bg5 c5 7. Nf3 h6 8. Bh4 g5 9. Bg3 Ne4 10. dxc5 Qa5 11. Rc1 Qxa2 12. e3 Bxc3+ 13. bxc3 Qxc2 14. Rxc2 Nxc5 15. Be5 Rg8 16. Nd4 Nc6 17. Bd6 Ne6 18. Bd3 Kd7 19. Ba3 a6 20. Nf5 Ne5 21. Be2 Rh8 22. 0-0 b5 23. f4 gxf4 24. exf4 Nc4 25. Bxc4 bxc4 26. Rd2 Bb7 27. Nd6 Bc6 28. Nxf7 Rh7 29. Ne5+ Kc7 30. f5 Ng5 31. f6 Nf7 32. Ng6 Rg8 33. Nf4 Rb8 34. Nxd5+ Bxd5 35. Rxd5 Rb6 36. Bc5 Rb5 37. Rdf5 Kc6 38. Bb4 Rxf5 39. Rxf5 Kd7 40. Ra5 Nd8 41. Rxa6 Nc6 42. Be7 Nxe7 43. Ra7+ Kd6 44. Rxe7 Rh8 45. Re4 Rf8 46. Rf4 Ke5 47. g3 Rf7 48. Kf2 h5 49. Ke3 Kd5 50. Rf5+ Ke6 51. Ke4 1-0